00479nam a2200193 a 4500001001300000003000900013005001700022008004100039020001000080082001600090100001800106245002700124260003300151300000900184500003500193505001700228650002200245700001800267nice12345678IN_TiNIC20260116012509.0050524s0000 ausa grp 000 0 eng  ac10000a269.2bABD1 aAbd Al, Masih aWho Is Allah in Islam? aAustriabLight of Lifec0000 a108p aincludes index and biblioraphy2 aPart 1 and 2 aEvangelistic Work1 aAbd Al, Masih